Представление документа в формате RUSMARC

ПолеНазваниеЗначение
  Тип записи c
  Библиографический уровень m
001 Контрольный номер UONB/MAIN/97a2fc92ef0a46e9a5a56390f1f7ddc1
005 Дата корректировки 20250222111411.2
010 Индекс ISBN __
9 Тираж 16000 экз.
013 Номер (ISMN) __
d Цена 24 к.
100 Данные общей обработки __
a Данные общей обработки 20230228d1976 u y0rusy0189 ca
101 Язык документа 0_
a Язык текста rus
a Язык текста ukr
102 Страна публикации __
a Страна публикации ua
125 Кодированные данные звукозаписи и нотных изданий __
a Форма изложения нотного текста с
128 Кодированные данные (звукозаписи-физические характеристики) __
a Кодированные данные: Музыкальная форма и тональность или лад sg
c Инструменты или голоса, рекомендуемые для солистов (устаревшее) vu
200 Заглавие и сведения об ответственности 1_
a Заглавие Вибрані пісні
e Сведения, относящиеся к заглавию [для пения (соло, ансамбль, хор) в сопровождении фортепиано]
f Первые сведения об ответственности В. Соловйов-Сєдой
d Параллельное заглавие Избранные песни
203 Вид содержания и тип средства __
a Вид содержания Музыка
b Характеристика содержания знаковая
c Тип средства непосредственная
210 Выходные данные 1_
a Место издания Київ
c Издательство Музична Україна
d Дата издания 1976
215 Физическое описание __
a Объем 20 с.
d Формат 26 см
c Иллюстрации/тип воспроизводства портр.
300 Общие примечания __
a Общие примечания На укр. и рус. яз.
327 Примечание о содержании 11
a Примечание о содержании Содерж.: Вечер на рейде / сл. А. Чуркина. - Подмосковные вечера ; Баллада о солдате / сл. М. Матусовского. - Пора в путь дорогу / сл. С. Фогельсона. - Если бы парни всей земли / сл. Е. Долматовского.
464 Аналитический уровень _0
1 702 1
a Чуркин
b А.
4 520
1 2001
a Вечер на рейде
1 036
t Споемте, друзья, ведь завтра в поход...
464 Аналитический уровень _0
1 702 1
a Матусовский
b М.
4 520
1 2001
a Подмосковные вечера
1 036
t Не слышны в саду даже шорохи...
464 Аналитический уровень _0
1 702 1
a Матусовский
b М.
4 520
1 2001
a Баллада о солдате
1 036
t Полем, вдоль берега крутого...
464 Аналитический уровень _0
1 702 1
a Фогельсон
b С.
4 520
1 2001
a Пора в путь дорогу
1 036
t Дождливым вечером, вечером, вечером...
464 Аналитический уровень _0
1 702 1
a Долматовский
b Е.
4 520
1 2001
a Если бы парни всей земли
606 Тематические рубрики 0_
a Основная рубрика Песни советских композиторов
610 Ключевые слова 0_
a Ключевые слова сольное пение; хоровое пение; песни советских композиторов
686 Индексы других классификаций __
a Классификационный индекс 85.94-42(2)я44
2 Код системы rubbk
700 Автор _1
a Фамилия Соловйов-Сєдой
b Имя (инициалы) В. П.
f Даты 1907-1979
790 Имя лица - альтернативная форма _1
a Имя лица - альтернативная форма Соловьев-Седой
b Имя (инициалы) В. П.
g Полное личное имя Василий Павлович
801 Источник записи _0
a Страна RU
b Организация Ульяновская ОНБ
c Дата составления 20230228
g Правила каталогизации RCR
801 Источник записи _1
a Страна RU
b Организация Ульяновская ОНБ
c Дата составления 20230228
g Правила каталогизации RCR
901 Тип документа __
t Тип документа m
909 Создатель записи __
a Создатель записи Никитина Т. А.